<?xml version="1.0" encoding="UTF-8"?><?xml-stylesheet type="text/xsl" href="static/style.xsl"?><OAI-PMH xmlns="http://www.openarchives.org/OAI/2.0/" xmlns:xsi="http://www.w3.org/2001/XMLSchema-instance" xsi:schemaLocation="http://www.openarchives.org/OAI/2.0/ http://www.openarchives.org/OAI/2.0/OAI-PMH.xsd"><responseDate>2026-06-04T23:55:20Z</responseDate><request verb="GetRecord" identifier="oai:riuma.uma.es:10630/44808" metadataPrefix="marc">https://riuma.uma.es/rest/oai/request</request><GetRecord><record><header><identifier>oai:riuma.uma.es:10630/44808</identifier><datestamp>2026-01-24T00:46:04Z</datestamp><setSpec>com_10630_2254</setSpec><setSpec>col_10630_37956</setSpec></header><metadata><record xmlns="http://www.loc.gov/MARC21/slim" xmlns:dcterms="http://purl.org/dc/terms/" xmlns:doc="http://www.lyncode.com/xoai" xmlns:xsi="http://www.w3.org/2001/XMLSchema-instance" xsi:schemaLocation="http://www.loc.gov/MARC21/slim http://www.loc.gov/standards/marcxml/schema/MARC21slim.xsd">
   <leader>00925njm 22002777a 4500</leader>
   <datafield ind2=" " ind1=" " tag="042">
      <subfield code="a">dc</subfield>
   </datafield>
   <datafield ind2=" " ind1=" " tag="720">
      <subfield code="a">Jimeno Borrero, Jesús</subfield>
      <subfield code="e">author</subfield>
   </datafield>
   <datafield ind2=" " ind1=" " tag="260">
      <subfield code="c">2025</subfield>
   </datafield>
   <datafield ind2=" " ind1=" " tag="520">
      <subfield code="a">Desde tiempos inmemoriales han existido crisis económicas que han conllevado la imposibilidad de pagar las deudas. En cada momento histórico, ha habido diferentes formas de resolver esta tensión. Desde la llegada del derecho codificado, la solución que se ha extendido es la quiebra y el concurso de acreedores. Se habla abiertamente de términos concursales, cuando realmente es un término escasamente utilizado en el derecho previo a la codificación. Este trabajo expone una reflexión sobre el abuso de este término a nivel histórico y con especial incidencia en la codificación mercantil.</subfield>
   </datafield>
   <datafield ind1="8" ind2=" " tag="024">
      <subfield code="a">Jimeno-Borrero, Jesús. "Entra la quiebra y el concurso de acreedores: muchas dudas y algunas certezas (1829)", en Estudios Luso-Hispanos de Historia del Derecho, Pedro Luis López Herraiz Camilla de Freitas Macedo Antonio Manuel Luque Reina (coords.), Dykinson, 2025, 191-219.</subfield>
   </datafield>
   <datafield ind1="8" ind2=" " tag="024">
      <subfield code="a">https://hdl.handle.net/10630/44808</subfield>
   </datafield>
   <datafield tag="653" ind2=" " ind1=" ">
      <subfield code="a">Concurso de acreedores - Historia</subfield>
   </datafield>
   <datafield ind2="0" ind1="0" tag="245">
      <subfield code="a">Entre la quiebra y el concurso de acreedores: muchas dudas y algunas certezas (1829)</subfield>
   </datafield>
</record>
</metadata></record></GetRecord></OAI-PMH>